000 00477nam a2200169Ia 4500
008 240729s9999 xx 000 0 und d
022 _a2036-3613
245 0 _aRare Tumors
260 _aUnited Kingdom
260 _bSAGE Publishing
650 _a Internal medicine
650 _a Neoplasms. Tumors. Oncology. Including cancer and carcinogens
650 _aMedicine
856 _uhttps://doaj.org/toc/285147b1ff5f4e698c661f51d44a67ab
942 _2ddc
942 _cDOAJEJ
999 _c67682
_d67682
945 _a1
_bMadushi Gamage
_c1
_dMadushi Gamage